[Event "Prague Golden op 18th"]
[Site "Prague"]
[Date "2023.06.25"]
[Round "8.1"]
[White "Zigmund, David"]
[Black "Jinova, Lucie"]
[Result "1-0"]
[WhiteElo "1924"]
[BlackElo "2068"]
[PlyCount "85"]
[EventDate "2023.06.25"]
[EventType "team-swiss"]
[EventRounds "9"]
[EventCountry "CZE"]
[SourceTitle "CBM 214 Extra"]
[Source "ChessBase"]
[SourceDate "2023.07.31"]
[SourceVersion "1"]
[SourceVersionDate "2023.07.31"]
[SourceQuality "1"]
[WhiteTeam "Nymbursti Kolici"]
[BlackTeam "Ceska Lipa"]
[WhiteTeamCountry "CZE"]
[BlackTeamCountry "CZE"]

1. e4 e6 2. Nf3 d5 3. exd5 exd5 4. d4 Nf6 5. Bg5 Be7 6. Bd3 0-0 7. 0-0 Bg4 8. c3 c6 9. Nbd2 Nbd7 10. Qc2 h6 11. Bh4 Qc7 12. Rfe1 Rfe8 13. Bf5 Bd6 14. Bg3 Bxg3 15. hxg3 Qd6 16. Bxg4 Nxg4 17. Qf5 Ndf6 18. Ne5 h5 19. Ndf3 Nh6 20. Qf4 Ne4 21. Qh4 g6 22. Ng5 Nxg5 23. Qxg5 Kg7 24. Nf3 f6 25. Qd2 Nf5 26. Re2 Kf7 27. Rae1 Rxe2 28. Rxe2 Re8 29. Rxe8 Kxe8 30. Nh4 Nxh4 31. gxh4 Kf7 32. Qh6 f5 33. Qh7+ Kf6 34. Qxb7 Qf4 35. Qxc6+ Kg7 36. Qb7+ Kh6 37. g3 Qc1+ 38. Kg2 a5 39. Qxd5 Qxb2 40. Qxa5 Qe2 41. Qd5 Qb2 42. Qe5 Qxa2 43. Qh8# 1-0

[Event "Prague Golden op 18th"]
[Site "Prague"]
[Date "2023.06.25"]
[Round "6.1"]
[White "Zigmund, David"]
[Black "Novak, Petr"]
[Result "1-0"]
[WhiteElo "1924"]
[BlackElo "1469"]
[PlyCount "55"]
[EventDate "2023.06.25"]
[EventType "team-swiss"]
[EventRounds "9"]
[EventCountry "CZE"]
[SourceTitle "CBM 214 Extra"]
[Source "ChessBase"]
[SourceDate "2023.07.31"]
[SourceVersion "1"]
[SourceVersionDate "2023.07.31"]
[SourceQuality "1"]
[WhiteTeam "Nymbursti Kolici"]
[BlackTeam "P&P"]
[WhiteTeamCountry "CZE"]
[BlackTeamCountry "CZE"]

1. e4 c5 2. Nf3 Nc6 3. Nc3 g6 4. Bb5 Bg7 5. Bxc6 bxc6 6. 0-0 Ba6 7. d3 e6 8. Be3 d6 9. Qd2 Nf6 10. h3 Qb6 11. Rab1 d5 12. Na4 Qb4 13. Nxc5 Qxd2 14. Nxd2 Bb5 15. a4 dxe4 16. axb5 exd3 17. Nxd3 cxb5 18. Bd4 Ke7 19. c3 Rhd8 20. Ne5 Rac8 21. Ndf3 a6 22. Ra1 Rd6 23. b4 Ne4 24. Rfe1 Nxc3 25. Bc5 Rcd8 26. Rxa6 Nd5 27. Ra7+ Kf8 28. Nxf7 1-0

[Event "Prague Golden op 18th"]
[Site "Prague"]
[Date "2023.06.25"]
[Round "9.1"]
[White "Zigmund, David"]
[Black "Stanek, Ondrej1"]
[Result "0-1"]
[WhiteElo "1924"]
[BlackElo "2065"]
[PlyCount "72"]
[EventDate "2023.06.25"]
[EventType "team-swiss"]
[EventRounds "9"]
[EventCountry "CZE"]
[SourceTitle "CBM 214 Extra"]
[Source "ChessBase"]
[SourceDate "2023.07.31"]
[SourceVersion "1"]
[SourceVersionDate "2023.07.31"]
[SourceQuality "1"]
[WhiteTeam "Nymbursti Kolici"]
[BlackTeam "Bohemians"]
[WhiteTeamCountry "CZE"]
[BlackTeamCountry "CZE"]

1. e4 c6 2. Nf3 d5 3. Nc3 Bg4 4. h3 Bxf3 5. Qxf3 e6 6. d4 dxe4 7. Qxe4 Nf6 8. Qd3 Nbd7 9. Bf4 Qa5 10. Be2 Nd5 11. Bd2 Nb4 12. Ne4 Nxd3+ 13. Bxd3 Qc7 14. 0-0 Nf6 15. Ng3 Bd6 16. Ne2 0-0 17. Rad1 Nd5 18. g3 e5 19. dxe5 Bxe5 20. c3 Rad8 21. Be4 Nf6 22. Bf3 Rd7 23. Be3 Nd5 24. Bc1 Rfd8 25. Rfe1 g6 26. Bg4 f5 27. Bf3 Nf6 28. Rxd7 Rxd7 29. Be3 Qd8 30. Nf4 Bxf4 31. Bxf4 Ne4 32. h4 Rd3 33. Be2 Rd2 34. Bc4+ Kg7 35. f3 Rd1 36. Kf1 Nd2+ 0-1

[Event "Mid Bohemia Region-chT 2223"]
[Site "Czech Republic"]
[Date "2023.04.02"]
[Round "11.4"]
[White "Prochazka, Jaroslav"]
[Black "Zigmund, David"]
[Result "1/2-1/2"]
[WhiteElo "1789"]
[BlackElo "1961"]
[PlyCount "119"]
[EventDate "2022.10.09"]
[EventType "team-tourn"]
[EventRounds "11"]
[EventCountry "CZE"]
[SourceTitle "EXT 2024"]
[Source "ChessBase"]
[SourceDate "2023.10.10"]
[SourceVersion "1"]
[SourceVersionDate "2023.10.10"]
[SourceQuality "1"]
[WhiteTeam "Brodce"]
[BlackTeam "Nymburk Sokol"]
[WhiteTeamCountry "CZE"]
[BlackTeamCountry "CZE"]

1. Nf3 Nf6 2. c4 g6 3. Nc3 Bg7 4. e4 d6 5. d4 0-0 6. Be2 e5 7. dxe5 dxe5 8. Qxd8 Rxd8 9. Bg5 Re8 10. 0-0 h6 11. Bxf6 Bxf6 12. Nd5 Bd8 13. Rfd1 Bg4 14. h3 Bxf3 15. Bxf3 Nc6 16. Bg4 Nd4 17. Bd7 Rf8 18. Ba4 c6 19. Nc3 Be7 20. Kf1 Bc5 21. a3 a5 22. Ne2 Ne6 23. Bc2 Bd4 24. Rab1 a4 25. f4 Be3 26. f5 Nc5 27. Rd6 g5 28. Rbd1 f6 29. g3 Ra6 30. Kg2 g4 31. hxg4 Rb6 32. Rb1 Kf7 33. Kf3 Bg5 34. Nc3 Ke7 35. Rdd1 Ra8 36. Ne2 Ra7 37. Kf2 Ra8 38. Kf3 Rh8 39. Nc3 Ra6 40. Kg2 Raa8 41. Kf3 Ra6 42. Ke2 Rha8 43. Kf3 Rb6 44. Ne2 Rg8 45. Nc3 Ra6 46. Ke2 Raa8 47. Kf3 Rg7 48. Ke2 Rgg8 49. Kf3 Rgd8 50. Rxd8 Kxd8 51. Ke2 Kc7 52. Rd1 Ra6 53. Rb1 Kb6 54. Rd1 Kc7 55. Rb1 Ra5 56. Rd1 Ra8 57. Kf3 Ra5 58. Ke2 Ra8 59. Kf3 Ra6 60. Rb1 1/2-1/2

[Event "Mid Bohemia Region-chT 2223"]
[Site "Czech Republic"]
[Date "2023.02.26"]
[Round "9.5"]
[White "Zigmund, David"]
[Black "Plasek, Zdenek"]
[Result "1/2-1/2"]
[WhiteElo "1961"]
[BlackElo "1937"]
[PlyCount "101"]
[EventDate "2022.10.09"]
[EventType "team-tourn"]
[EventRounds "11"]
[EventCountry "CZE"]
[SourceTitle "EXT 2024"]
[Source "ChessBase"]
[SourceDate "2023.10.10"]
[SourceVersion "1"]
[SourceVersionDate "2023.10.10"]
[SourceQuality "1"]
[WhiteTeam "Nymburk Sokol"]
[BlackTeam "Kostelec nad CL"]
[WhiteTeamCountry "CZE"]
[BlackTeamCountry "CZE"]

1. e4 c5 2. Nf3 d6 3. Bb5+ Bd7 4. Bxd7+ Qxd7 5. 0-0 Nc6 6. b3 Nf6 7. Re1 g6 8. Bb2 Bg7 9. Nc3 Ng4 10. h3 Nge5 11. Nxe5 Bxe5 12. Na4 Bxb2 13. Nxb2 0-0 14. c3 e5 15. Nc4 d5 16. exd5 Qxd5 17. Ne3 Qd7 18. Ng4 f6 19. Qe2 Rad8 20. Qb5 b6 21. Rad1 Kg7 22. Ne3 Ne7 23. Qa6 Rf7 24. a4 Nc6 25. Nc4 Qc7 26. a5 Nxa5 27. Nxa5 bxa5 28. Ra1 Rxd2 29. Qxa5 Qb6 30. Reb1 Rfd7 31. Ra2 Rd1+ 32. Rxd1 Rxd1+ 33. Kh2 Rd7 34. Qa4 Qd6 35. Qe4 Qb6 36. Qc4 Rb7 37. Rd2 Qb5 38. Qd5 Qxb3 39. Qxc5 Qf7 40. g4 Qc7 41. Qe3 g5 42. Qe4 a5 43. h4 gxh4 44. Rd3 a4 45. Rh3 a3 46. Rxh4 Kh8 47. Qf5 Qe7 48. Qc8+ Kg7 49. Qf5 Kg8 50. Qc8+ Kg7 51. Qf5 1/2-1/2

[Event "Mid Bohemia Region-chT 2223"]
[Site "Czech Republic"]
[Date "2023.01.29"]
[Round "7.7"]
[White "Zigmund, David"]
[Black "Garsic, Petr"]
[Result "1/2-1/2"]
[WhiteElo "1961"]
[BlackElo "1865"]
[PlyCount "67"]
[EventDate "2022.10.09"]
[EventType "team-tourn"]
[EventRounds "11"]
[EventCountry "CZE"]
[SourceTitle "EXT 2024"]
[Source "ChessBase"]
[SourceDate "2023.10.10"]
[SourceVersion "1"]
[SourceVersionDate "2023.10.10"]
[SourceQuality "1"]
[WhiteTeam "Nymburk Sokol"]
[BlackTeam "Bakov nad Jizerou II"]
[WhiteTeamCountry "CZE"]
[BlackTeamCountry "CZE"]

1. d4 d5 2. Nf3 e6 3. c4 c6 4. Nc3 f5 5. Bg5 Nf6 6. e3 Nbd7 7. Ne5 Be7 8. Nxd7 Bxd7 9. Be2 0-0 10. 0-0 Ne4 11. Nxe4 fxe4 12. Bf4 Bg5 13. Be5 Bf6 14. Bd6 Be7 15. Bg3 Be8 16. c5 Bg6 17. b4 a6 18. a4 Bf6 19. b5 axb5 20. axb5 Re8 21. Qb3 e5 22. Rxa8 Qxa8 23. dxe5 Bxe5 24. Bxe5 Rxe5 25. Rb1 Qf8 26. bxc6 bxc6 27. Qb8 Qxb8 28. Rxb8+ Be8 29. h3 Re7 30. Kh2 Kf7 31. Kg3 Ra7 32. Rb2 Ra5 33. Rc2 Bd7 34. Bg4 1/2-1/2

[Event "Mid Bohemia Region-chT 2223"]
[Site "Czech Republic"]
[Date "2022.10.30"]
[Round "2.6"]
[White "Zigmund, David"]
[Black "Cermak, Jan2"]
[Result "0-1"]
[WhiteElo "1961"]
[BlackElo "2006"]
[PlyCount "120"]
[EventDate "2022.10.09"]
[EventType "team-tourn"]
[EventRounds "11"]
[EventCountry "CZE"]
[SourceTitle "EXT 2024"]
[Source "ChessBase"]
[SourceDate "2023.10.10"]
[SourceVersion "1"]
[SourceVersionDate "2023.10.10"]
[SourceQuality "1"]
[WhiteTeam "Nymburk Sokol"]
[BlackTeam "Cesky Brod"]
[WhiteTeamCountry "CZE"]
[BlackTeamCountry "CZE"]

1. d4 d5 2. Nf3 Nf6 3. Bg5 Ne4 4. Bh4 c5 5. e3 cxd4 6. Bb5+ Bd7 7. Bxd7+ Qxd7 8. exd4 Nc6 9. 0-0 e6 10. Nbd2 Nd6 11. Qe2 Nf5 12. c3 Nxh4 13. Nxh4 Be7 14. Qg4 g5 15. Nhf3 h5 16. Qg3 h4 17. Qh3 0-0-0 18. Ne5 Nxe5 19. dxe5 Kb8 20. Rfd1 Qc7 21. Re1 Rdg8 22. Qg4 Bc5 23. Nb3 Bb6 24. a4 a6 25. Nd4 Qc4 26. h3 Bxd4 27. cxd4 Qb4 28. Red1 Rg7 29. Rd3 Rc8 30. Qd1 Rc4 31. Rb1 Rg8 32. b3 Rc7 33. Qh5 Ka7 34. Rbd1 Qf8 35. Rf3 Qg7 36. Rf6 g4 37. Qxh4 gxh3 38. Qxh3 Rh8 39. Qf3 Qh7 40. Kf1 Rc2 41. g4 Qh1+ 42. Qxh1 Rxh1+ 43. Kg2 Rxd1 44. Rxf7 Rxd4 45. Kg3 Rc3+ 46. Kh4 Rxb3 47. Rf6 Rb6 48. f4 Rxa4 49. g5 Ra1 50. Kg4 d4 51. Kf3 Re1 52. Rf7 Rb3+ 53. Kg4 Rg1+ 54. Kh5 a5 55. Rd7 d3 56. Kg6 Rb4 57. Rxd3 Rxf4 58. Rd6 Rf5 59. Rxe6 Rgxg5+ 60. Kh6 Rxe5 0-1

[Event "CZE-chT2C 2122"]
[Site "Czech Republic"]
[Date "2022.03.20"]
[Round "10.7"]
[White "Svejk, Martin"]
[Black "Zigmund, David"]
[Result "1-0"]
[WhiteElo "1864"]
[BlackElo "1919"]
[PlyCount "75"]
[EventDate "2021.10.17"]
[EventType "team-tourn"]
[EventRounds "11"]
[EventCountry "CZE"]
[SourceTitle "EXT 2025"]
[Source "ChessBase"]
[SourceDate "2024.10.14"]
[SourceVersion "1"]
[SourceVersionDate "2024.10.14"]
[SourceQuality "1"]
[WhiteTeam "Mlada Boleslav"]
[BlackTeam "Nymburk"]
[WhiteTeamCountry "CZE"]
[BlackTeamCountry "CZE"]

1. d4 Nf6 2. c4 c5 3. d5 g6 4. Nc3 Bg7 5. Nf3 0-0 6. e4 d6 7. Be2 Nfd7 8. 0-0 a6 9. a4 Ne5 10. Ne1 f5 11. exf5 gxf5 12. f4 Ng4 13. Nf3 e5 14. h3 e4 15. hxg4 exf3 16. gxf3 Bd4+ 17. Kg2 b6 18. Rh1 Ra7 19. Bd2 fxg4 20. fxg4 Rg7 21. Bf3 Bxg4 22. Bxg4 Qd7 23. Kg3 Qf5 24. Qf3 h5 25. Rxh5 Qxh5 26. Rh1 Qg6 27. Ne4 Be5 28. Rh4 Rgf7 29. Kh2 Rh7 30. Be6+ Kg7 31. Rxh7+ Qxh7+ 32. Kg2 Qg6+ 33. Kf1 Qh6 34. f5 Qh4 35. Bg5 Qh2 36. f6+ Kh8 37. f7 Bg7 38. Be7 1-0

[Event "CZE-chT2C 2122"]
[Site "Czech Republic"]
[Date "2021.11.21"]
[Round "3.7"]
[White "Zigmund, David"]
[Black "Hadzala, Daniel"]
[Result "1-0"]
[WhiteElo "1919"]
[BlackElo "2014"]
[PlyCount "47"]
[EventDate "2021.10.17"]
[EventType "team-tourn"]
[EventRounds "11"]
[EventCountry "CZE"]
[SourceTitle "EXT 2025"]
[Source "ChessBase"]
[SourceDate "2024.10.14"]
[SourceVersion "1"]
[SourceVersionDate "2024.10.14"]
[SourceQuality "1"]
[WhiteTeam "Nymburk"]
[BlackTeam "Neratovice II"]
[WhiteTeamCountry "CZE"]
[BlackTeamCountry "CZE"]

1. e4 e6 2. Nf3 d5 3. exd5 exd5 4. d4 Bf5 5. Bd3 Bxd3 6. Qxd3 Nc6 7. 0-0 Bd6 8. c4 dxc4 9. Qxc4 Nge7 10. d5 Nxd5 11. Re1+ Nde7 12. Nc3 0-0 13. Bg5 h6 14. Bxe7 Nxe7 15. Rad1 c6 16. Qd4 Nd5 17. Nxd5 cxd5 18. Qxd5 Bb4 19. Qxb7 Qa5 20. Re5 Qa4 21. Rd4 Rab8 22. Qe4 f6 23. Re7 Qb5 24. Rdd7 1-0

[Event "CZE-ch Betsys Online Blitz"]
[Site "Chess.com INT"]
[Date "2021.04.17"]
[Round "9"]
[White "Harcuba, Adam"]
[Black "Zigmund, David"]
[Result "1-0"]
[WhiteElo "1685"]
[BlackElo "1911"]
[PlyCount "75"]
[EventDate "2021.04.17"]
[EventType "swiss (blitz)"]
[EventRounds "13"]
[EventCountry "CZE"]
[SourceTitle "CBM 201 Extra"]
[Source "ChessBase"]
[SourceDate "2021.05.31"]
[SourceVersion "1"]
[SourceVersionDate "2021.05.31"]
[SourceQuality "1"]

1. d4 Nf6 2. Nf3 c5 3. c3 d5 4. e3 Nc6 5. Bd3 Bg4 6. 0-0 e6 7. Nbd2 Be7 8. dxc5 Bxc5 9. b4 Bd6 10. a3 0-0 11. Bb2 e5 12. e4 d4 13. cxd4 Nxd4 14. Rc1 Nh5 15. h3 Bxf3 16. Nxf3 Nxf3+ 17. Qxf3 Nf4 18. Bb1 Rc8 19. Rfd1 Qe7 20. Kh2 h6 21. g3 Ne6 22. Ba2 a5 23. bxa5 Ng5 24. Qd3 Rcd8 25. Qe3 Ne6 26. Bxe6 Qxe6 27. Rd5 Bb8 28. Rcd1 Rxd5 29. Rxd5 Qc6 30. Qc3 Qf6 31. Qc5 Re8 32. f4 Qg6 33. Bxe5 Qxe4 34. Rd2 Bxe5 35. fxe5 Rxe5 36. Qc2 Rxa5 37. Qxe4 Rxa3 38. Rd8# 1-0

[Event "CZE-ch Betsys Online Blitz"]
[Site "Chess.com INT"]
[Date "2021.04.17"]
[Round "6"]
[White "Vaculik, Jakub"]
[Black "Zigmund, David"]
[Result "1-0"]
[WhiteElo "2145"]
[BlackElo "1911"]
[PlyCount "65"]
[EventDate "2021.04.17"]
[EventType "swiss (blitz)"]
[EventRounds "13"]
[EventCountry "CZE"]
[SourceTitle "CBM 201 Extra"]
[Source "ChessBase"]
[SourceDate "2021.05.31"]
[SourceVersion "1"]
[SourceVersionDate "2021.05.31"]
[SourceQuality "1"]

1. e4 c5 2. c3 Nc6 3. f4 d5 4. e5 Bf5 5. Nf3 e6 6. d4 Be7 7. Be3 cxd4 8. Nxd4 Nxd4 9. Bxd4 Bh4+ 10. g3 Be4 11. Bb5+ Kf8 12. 0-0 Be7 13. Nd2 f5 14. exf6 Nxf6 15. Qe2 h5 16. Rad1 Qc7 17. Bxf6 gxf6 18. Nxe4 dxe4 19. Bc4 Qb6+ 20. Kg2 e3 21. f5 e5 22. Bd5 h4 23. Rd3 h3+ 24. Kh1 Rd8 25. Rfd1 Rd6 26. Be4 Kf7 27. Rxd6 Bxd6 28. Qg4 Rg8 29. Bd5+ Ke7 30. Qxg8 Qxb2 31. Qe6+ Kd8 32. Qxd6+ Kc8 33. Be6# 1-0

[Event "CZE-ch Betsys Online Blitz"]
[Site "Chess.com INT"]
[Date "2021.04.17"]
[Round "7"]
[White "Zigmund, David"]
[Black "Vana, Jan1"]
[Result "0-1"]
[WhiteElo "1911"]
[BlackElo "1370"]
[PlyCount "98"]
[EventDate "2021.04.17"]
[EventType "swiss (blitz)"]
[EventRounds "13"]
[EventCountry "CZE"]
[SourceTitle "CBM 201 Extra"]
[Source "ChessBase"]
[SourceDate "2021.05.31"]
[SourceVersion "1"]
[SourceVersionDate "2021.05.31"]
[SourceQuality "1"]

1. e4 c5 2. Nf3 Nc6 3. d4 cxd4 4. Nxd4 e6 5. Nxc6 bxc6 6. Be2 Nf6 7. Nd2 Bc5 8. 0-0 d5 9. Nb3 Bd6 10. Bf3 0-0 11. Re1 Qc7 12. h3 Bb7 13. Bg5 Be7 14. c3 Rfd8 15. Qe2 Ne8 16. Bxe7 Qxe7 17. Rad1 Nc7 18. Qe3 Na6 19. Qf4 Qd6 20. Qg4 Qe7 21. e5 c5 22. Re3 c4 23. Nd4 Nc5 24. Rf1 Nd3 25. Rb1 Ba6 26. Bd1 Rab8 27. Bc2 Rb6 28. Rg3 Qf8 29. h4 Nxe5 30. Qh5 Nd3 31. Qg4 e5 32. Nf3 e4 33. Ng5 h6 34. Nh3 Rg6 35. Qh5 Rxg3 36. fxg3 Qc5+ 37. Kh2 Nf2 38. Nf4 Nd3 39. Nxd3 cxd3 40. Bd1 e3 41. Bf3 e2 42. Re1 d2 43. Rxe2 d1Q 44. Re8+ Rxe8 45. Bxd1 Re1 46. Bb3 Qg1+ 47. Kh3 Bc8+ 48. g4 Re3+ 49. g3 Qh1# 0-1

[Event "Pardubice Czech op-B"]
[Site "Pardubice"]
[Date "2020.09.24"]
[Round "4"]
[White "Zigmund, David"]
[Black "Cermak, Dusan"]
[Result "1-0"]
[WhiteElo "1870"]
[BlackElo "1638"]
[PlyCount "117"]
[EventDate "2020.09.21"]
[EventType "swiss"]
[EventRounds "9"]
[EventCountry "CZE"]
[SourceTitle "CBM 198 Extra"]
[Source "ChessBase"]
[SourceDate "2020.11.30"]
[SourceVersion "1"]
[SourceVersionDate "2020.11.30"]
[SourceQuality "1"]

1. e4 e5 2. Nf3 Nc6 3. Bb5 Nd4 4. Nxd4 exd4 5. d3 c6 6. Bc4 d5 7. exd5 cxd5 8. Qe2+ Be7 9. Bb3 Nf6 10. h3 0-0 11. 0-0 a5 12. a4 Re8 13. Qf3 Ra6 14. Bg5 Be6 15. Na3 Bxa3 16. Bxf6 gxf6 17. Rxa3 Kh8 18. Qf4 Rg8 19. Kh2 Rb6 20. Raa1 Rb4 21. g3 Rg6 22. Rae1 Qf8 23. Kg2 Rh6 24. Rh1 Rg6 25. Qc7 b6 26. Qf4 Qc8 27. Re2 b5 28. axb5 a4 29. Qd6 Rxb5 30. Bxa4 Ra5 31. Bb3 Ra6 32. Qf4 Kg7 33. Qxd4 Rh6 34. h4 Rg6 35. f3 Qc7 36. f4 Qd7 37. Rhe1 Bh3+ 38. Kh2 Rxg3 39. Kxg3 Qg4+ 40. Kf2 Qxh4+ 41. Ke3 Bg4 42. Kd2 Bxe2 43. Rxe2 Re6 44. Bxd5 Rxe2+ 45. Kxe2 Qh2+ 46. Qf2 Qh5+ 47. Bf3 Qb5 48. Qg1+ Kh8 49. Qd4 Kg7 50. c4 Qb3 51. Kd2 Qb4+ 52. Qc3 Qd6 53. Ke3 Qe6+ 54. Be4 Qh3+ 55. Kd2 Qh2+ 56. Kd1 Qxf4 57. c5 Qg4+ 58. Kc2 h5 59. c6 1-0

[Event "Pardubice Czech op-B"]
[Site "Pardubice"]
[Date "2020.09.21"]
[Round "1"]
[White "Andersen, Carsten"]
[Black "Zigmund, David"]
[Result "0-1"]
[WhiteElo "1576"]
[BlackElo "1870"]
[PlyCount "56"]
[EventDate "2020.09.21"]
[EventType "swiss"]
[EventRounds "9"]
[EventCountry "CZE"]
[SourceTitle "CBM 198 Extra"]
[Source "ChessBase"]
[SourceDate "2020.11.30"]
[SourceVersion "1"]
[SourceVersionDate "2020.11.30"]
[SourceQuality "1"]

1. e4 e5 2. Nf3 Nc6 3. Bc4 Nf6 4. Ng5 d5 5. exd5 b5 6. Bxb5 Qxd5 7. Nc3 Qxg2 8. Qf3 Qxf3 9. Nxf3 Bd7 10. d3 Nd4 11. Nxd4 exd4 12. Bxd7+ Kxd7 13. Ne4 Nxe4 14. dxe4 Re8 15. f3 f5 16. Ke2 fxe4 17. fxe4 Rxe4+ 18. Kd3 Rh4 19. Bd2 Bd6 20. Rag1 g6 21. Rg5 Rf8 22. Rd5 Rf2 23. h3 Kc6 24. Rxd6+ cxd6 25. Be1 Rf3+ 26. Ke2 Rfxh3 27. Rxh3 Rxh3 28. Bf2 Kd5 0-1

[Event "Pardubice Czech op-C 30th"]
[Site "Pardubice"]
[Date "2019.07.23"]
[Round "5"]
[White "Pecnik, Primoz"]
[Black "Zigmund, David"]
[Result "1/2-1/2"]
[WhiteElo "1739"]
[BlackElo "1897"]
[PlyCount "105"]
[EventDate "2019.07.20"]
[EventType "swiss"]
[EventRounds "9"]
[EventCountry "CZE"]
[SourceTitle "EXT 2020"]
[Source "ChessBase"]
[SourceDate "2019.10.17"]
[SourceVersion "1"]
[SourceVersionDate "2019.10.17"]
[SourceQuality "1"]

1. e4 e5 2. Nc3 Nc6 3. f4 Bc5 4. Nf3 d6 5. Na4 exf4 6. d4 Bb6 7. Bxf4 d5 8. Nxb6 axb6 9. exd5 Qxd5 10. c4 Qe4+ 11. Qe2 Qxe2+ 12. Bxe2 Kd8 13. Ne5 Nxe5 14. Bxe5 f6 15. Bg3 Ne7 16. Kd2 Nf5 17. Bf2 Nd6 18. Bd3 Bf5 19. Bxf5 Nxf5 20. Rhe1 Kd7 21. a4 Rhe8 22. b3 Nd6 23. Kd3 f5 24. Rxe8 Rxe8 25. Re1 Ne4 26. Be3 Nf6 27. Bd2 Ne4 28. Be3 Re6 29. Rg1 Nf6 30. d5 Re8 31. h3 Ne4 32. Rf1 g6 33. g4 Nd6 34. Bf4 Ne4 35. gxf5 Nc5+ 36. Kc3 gxf5 37. Rg1 Re7 38. Rg8 Rf7 39. Ra8 Ne4+ 40. Kd4 Nf2 41. h4 Nh3 42. Ke3 Re7+ 43. Kf3 Nxf4 44. Kxf4 Re4+ 45. Kg5 Rg4+ 46. Kxf5 Rxh4 47. Rb8 Rh3 48. c5 Rd3 49. cxb6 Rxb3 50. a5 Rb5 51. Rxb7 Rxd5+ 52. Ke4 Rxa5 53. Rxc7+ 1/2-1/2

[Event "Pardubice Czech op-C 30th"]
[Site "Pardubice"]
[Date "2019.07.22"]
[Round "4"]
[White "Zigmund, David"]
[Black "Perets, Dmitry"]
[Result "1/2-1/2"]
[WhiteElo "1897"]
[BlackElo "1753"]
[PlyCount "152"]
[EventDate "2019.07.20"]
[EventType "swiss"]
[EventRounds "9"]
[EventCountry "CZE"]
[SourceTitle "EXT 2020"]
[Source "ChessBase"]
[SourceDate "2019.10.17"]
[SourceVersion "1"]
[SourceVersionDate "2019.10.17"]
[SourceQuality "1"]

1. d4 c5 2. Nf3 Nf6 3. d5 b5 4. c4 d6 5. cxb5 a6 6. b6 Nbd7 7. Nc3 Nxb6 8. e4 g6 9. Be2 Bg7 10. 0-0 0-0 11. h3 Qc7 12. Qc2 Bb7 13. Bf4 Nfd7 14. Rad1 f6 15. Bg3 Rab8 16. Nd2 Ne5 17. f4 Nf7 18. Bg4 Bc8 19. Bxc8 Rfxc8 20. Nf3 Nd7 21. Rfe1 Rb4 22. Re2 Rcb8 23. b3 Qb6 24. Na4 Qb7 25. Nd2 Qa7 26. Nc4 Qc7 27. Rde1 Ra8 28. Kh2 Rf8 29. Qd3 Kh8 30. Qc2 Kg8 31. Re3 Kh8 32. Nab2 Kg8 33. R3e2 Rb5 34. Nd3 Rbb8 35. e5 fxe5 36. fxe5 Nfxe5 37. Ndxe5 Nxe5 38. Nxe5 Bxe5 39. Rxe5 dxe5 40. Bxe5 Qb6 41. Bxb8 Qxb8+ 42. Kh1 Qg3 43. Qe4 Rf7 44. Qe6 Qf2 45. a4 Kg7 46. Qe5+ Kg8 47. Qe6 Kg7 48. Qe3 Qh4 49. Qe5+ Kg8 50. Re4 Qf2 51. Qb8+ Kg7 52. Qc7 Kh6 53. Kh2 e6 54. Rh4+ Qxh4 55. Qxf7 exd5 56. Qxd5 Qf4+ 57. Kg1 Qe3+ 58. Kf1 Qg5 59. Qd3 Qf5+ 60. Ke2 Kg5 61. Qg3+ Kf6 62. Qh4+ Qg5 63. Qe4 Qe5 64. Kd3 Qxe4+ 65. Kxe4 Ke6 66. Kd3 Kd6 67. Kc4 Kc6 68. Kc3 g5 69. g3 h5 70. Kc4 g4 71. hxg4 hxg4 72. Kc3 Kb6 73. Kd3 Ka5 74. Kc4 Kb6 75. Kd5 Ka5 76. Kc4 Kb6 1/2-1/2